Open Data Biblioteca Nacional de Portugal


República Portuguesa: Ministério da Cultura
Biblioteca Nacional de Portugal

Catálogo da BNP: acesso por Identificadores Unívocos
Registos Bibliográficos associados ao registo de autoridade

Etiqueta de registo: 00000nam 2200025 450
001 2286045
003 http://id.bnportugal.gov.pt/bib/catbnp/2286045
100 ## $a20260508d2025 k y0pory01030103ba
101 0# $aeng$dpor
102 ## $aPT
105 ## $aa m 000yy
106 ## $ar
200 1# $aBuilding next-generation tools for the exploitation of space-based seismic data$fMiguel Clara$gorient. Margarida Cunha, Pedro Avelino, Tiago Campante
210 #9 $aPorto$c[s.n.],$d2025
215 ## $aXII, 121 p.$cil.$d30 cm
328 #1 $aTese dout. Astronomy, Faculdade de Ciências, Universidade do Porto, Instituto de Astrofísica e Ciências do Espaço, 2025
700 #1 $aClara,$bMiguel$31998031
702 #1 $aCunha,$bMargarida$4727$31476543
702 #1 $aAvelino,$bPedro Pina$4727$31207959
702 #1 $aCampante,$bTiago L.$4727$31582433
801 #0 $aPT$bBN$gRPC
966 ## $lBN$mFGMON$x1
971 ## $corlando$d20260508

OpendataBNP@bnportugal.pt | Mais informação sobre acesso aos dados BNP